Welcome to the Holygrace Academy Library

Please use search bar below to get started

THE STRANGE CASE OF DR. JEKYLL AND MR. HYDE (Record no. 363)

MARC details
000 -LEADER
fixed length control field 00379nam a22001337a 4500
020 ## - INTERNATIONAL STANDARD BOOK NUMBER
ISBN 81-7826-174-X
082 ## - DEWEY DECIMAL CLASSIFICATION NUMBER
Classification number 823
Item number STE/S
245 ## - TITLE STATEMENT
Title THE STRANGE CASE OF DR. JEKYLL AND MR. HYDE
Remainder of title SHORT STORY
246 ## - VARYING FORM OF TITLE
Title proper/short title THE STRANGE CASE OF DR. JEKYLL AND MR. HYDE
Remainder of title SHORT STORY
260 ## - PUBLICATION, DISTRIBUTION, ETC. (IMPRINT)
Place of publication DELHI
Name of publisher ROHAN BOOK COMPANY
Year of publication 2003
300 ## - PHYSICAL DESCRIPTION
Number of Pages 190
520 ## - SUMMARY, ETC.
Summary, etc CHILDRENS SHORT STORY
942 ## - ADDED ENTRY ELEMENTS (KOHA)
Koha item type Books
Holdings
Withdrawn status Lost status Collection code Home library Current library Shelving location Date acquired Source of acquisition Cost, normal purchase price Full call number Accession Number Koha item type
    Fiction Main Library Main Library On Display 02/06/2009 Purchase 30.00 823 STE/S 04741 Books